| 000 | 00686 a2200229 4500 | ||
|---|---|---|---|
| 502 | _aThèse d'exercice | ||
| 653 | 1 | _aSciences agronomiques | |
| 100 | _aGahou, Emmanuel | ||
| 300 | _aXIX-113 p. | ||
| 245 | _aConditions de fabrication et qualité de l'huile de coco traditionnellement produite au Bénin | ||
| 650 | _aHUILE DE COCO | ||
| 650 | _aQUALITE | ||
| 650 | _aTECHNOLOGIE TRADITIONNELLE | ||
| 130 | _lFr | ||
| 710 | _aAbomey-Calavi, Université nationale du Bénin, Faculté des Sciences Agronomiques, BJ | ||
| 041 | _bFr | ||
| 041 | _bEn | ||
| 653 | 1 | _aNutrition et sciences agro-alimentaires | |
| 651 | _aAFRIQUE OCCIDENTALE | ||
| 651 | _aBENIN | ||
| 999 |
_c30116 _d30116 |
||